| 000 | 00908cam a2200253 4500 | ||
|---|---|---|---|
| 001 | ABS61390 | ||
| 008 | 000000n1999 000 0 eng u | ||
| 035 | _a(Sirsi) u100613 | ||
| 100 | _aDefoe, P. | ||
| 245 | _aHow to store electronic documents | ||
| 260 | _c1999 | ||
| 490 |
_aCSM _bChartered Surveyor Monthly _v9(1) September 1999, 35(1) |
||
| 520 | _aReports on the recently published BSI code of practice DISC PD 0008 that will guide organisations on the legal admissibility of information stored on electronic document management systems. | ||
| 590 | _aABS | ||
| 650 | _aBS 7799: 1995 | ||
| 650 | _aCODE OF PRACTICE | ||
| 650 | _aBS DISC PD 0008: 1999 | ||
| 650 | _aADMISSIBILITY | ||
| 650 | _aADMISSIBLE EVIDENCE | ||
| 650 | _aELECTRONIC DOCUMENT MANAGEMENT SYSTEMS | ||
| 650 | _aELECTRONIC DOCUMENTS | ||
| 690 | _aMANAGEMENT-BUSINESS MANAGEMENT-INFORMATION MANAGEMENT | ||
| 942 | _n0 | ||
| 999 |
_c60195 _d60195 |
||